000 00706nam a2200265Ia 4500
003 OSt
005 20220918191356.0
006 a|||||r|||| 00| 0
007 ta
008 220917b |||||||| |||| 00| 0 eng d
024 _a62,900
037 _cTextual
040 _aARTS
_cARTS
_beng
041 _2eng
_aeng
082 _aRv2:A, L4;M2
100 _aCrawford S Cromwell
_975896
245 0 _aEvolutions of Hindi ethical ideals
250 _a2nd
260 _aHawaii
_bUniv Of Hawaii
_c1982
300 _axvii,180p.
_ccm.
490 _aAsian studies at Hawaii; 28
650 _aPHILOSOPHY
942 _hRv2:A, L4;M2
_cTEXL
_2CC
999 _c189527
_d189527